|
|
|
|
| LEADER |
02791nam a2200589 i 4500 |
| 001 |
nkc20223478409 |
| 003 |
CZ PrNK |
| 005 |
20230206072648.0 |
| 007 |
ta |
| 008 |
221215t20222022xr a g 6 000 1 cze |
| 015 |
|
|
|a cnb003478409
|
| 020 |
|
|
|a 978-80-7652-103-2
|q (vázáno)
|
| 035 |
|
|
|a (OCoLC)1369539684
|
| 040 |
|
|
|a ABG001
|b cze
|d OLA001
|e rda
|
| 041 |
1 |
|
|a cze
|h eng
|
| 072 |
|
7 |
|a 741.52
|x Komiksy. Komiksové adaptace
|2 Konspekt
|9 21
|
| 080 |
|
|
|a 741.52(0:82-322.9)
|2 MRF
|
| 080 |
|
|
|a 741.52(0:82-322.4)
|2 MRF
|
| 100 |
1 |
|
|a Hill, Bryan Edward,
|d 1977-
|7 pna2008424919
|4 aut
|
| 240 |
1 |
0 |
|a Angel.
|l Česky
|
| 245 |
1 |
0 |
|a Angel.
|n Kniha druhá,
|p Město démonů /
|c na motivy seriálu Josse Whedona ; Bryan Edward Hill, Gleb Melnikov, Gabriel Cassata, Roman Titov ; překlad z angličtiny Alexandra Niklíčková
|
| 246 |
3 |
0 |
|a Město démonů
|
| 250 |
|
|
|a První české vydání
|
| 264 |
|
1 |
|a Praha :
|b Comics Centrum,
|c [2022]
|
| 264 |
|
4 |
|c ©2022
|
| 300 |
|
|
|a 128 nečíslovaných stran :
|b barevné ilustrace ;
|c 24 cm
|
| 336 |
|
|
|a text
|b txt
|2 rdacontent
|
| 336 |
|
|
|a statický obraz
|b sti
|2 rdacontent
|
| 337 |
|
|
|a bez média
|b n
|2 rdamedia
|
| 338 |
|
|
|a svazek
|b nc
|2 rdacarrier
|
| 500 |
|
|
|a "Scénář Bryan Edward Hill ; kresba Gleb Melnikov"--Doplňková titulní stránka
|
| 500 |
|
|
|a Na titulní stránce uvedení Gabriel Cassata a Roman Titov nejsou přímými autory knihy
|
| 520 |
2 |
|
|a Komiksová série s upírem Angelem, postavou z Buffyversa.
|b Když se Angel ocitne v hlubinách Pekelné brány a bojuje po boku Buffy, aby zastavil nenasytné zlo, musí jeho noví spojenci bojovat se zbytkem losangeleského podsvětí. Dokáže nově vytvořený tým ve složení Winifred Burkleová, Charles Gunn a Angelův starý „přítel“ Spike úspěšně bojovat proti sílící vlně hrůz v LA... nebo podlehnou osudu horšímu než smrt? Nakladatelská anotace. Kráceno.
|
| 521 |
8 |
|
|a Pro čtenáře od 14 let (kniha obsahuje vyobrazení násilných a hororových scén)
|
| 546 |
|
|
|a Český text
|
| 655 |
|
7 |
|a superhrdinské komiksy
|7 fd1057488
|2 czenas
|
| 655 |
|
7 |
|a horory (komiksy)
|7 fd1057476
|2 czenas
|
| 655 |
|
7 |
|a fantasy komiksy
|7 fd1057473
|2 czenas
|
| 655 |
|
9 |
|a superhero comics
|2 eczenas
|
| 655 |
|
9 |
|a horror comics
|2 eczenas
|
| 655 |
|
9 |
|a fantasy comics
|2 eczenas
|
| 700 |
1 |
|
|a Whedon, Joss,
|d 1964-
|7 xx0135019
|4 ant
|
| 700 |
1 |
|
|a Mel‘nikov, Gleb
|7 jo20221141014
|4 ill
|
| 700 |
1 |
|
|a Niklíčková, Alexandra,
|d 1978-
|7 mzk2013751044
|4 trl
|
| 787 |
0 |
8 |
|i Z cyklu:
|t Angel
|g 2
|
| 910 |
2 |
|
|a BOA001
|b 2-1478.807,2
|
| 920 |
|
|
|a 4683523
|z ABG001
|
| 928 |
9 |
|
|a Martin Trojan
|
| 990 |
|
|
|a BK
|
| 995 |
|
|
|a 01
|
| 991 |
|
|
|b 202301
|c NOV
|
| 996 |
6 |
|
|b 2610927596
|c 2-1478.807,2
|l MZK
|r Sklad / do 1 hodiny
|n 0
|p p.v.
|w 001910153
|u 000010
|a 1
|e BOA001
|j MZK50
|s P
|